| 000 | 00948pam a2200265 a 4500 | ||
|---|---|---|---|
| 001 | 1477832 | ||
| 003 | NUST-PNEC | ||
| 005 | 20170116180712.0 | ||
| 008 | 870625s1987 nyua b 000 0 eng | ||
| 010 | _a 87018924 | ||
| 020 | _a0444012745 | ||
| 040 |
_aDLC _cPNEC _dDLC |
||
| 050 | 0 | 0 |
_aTJ910 _b.B35 1987 |
| 082 | 0 | 0 | _a621.699 BAK |
| 100 | 1 | _aBaker, Richard S. | |
| 245 | 1 | 0 |
_aHandbook of electromagnetic pump technology / _cRichard S. Baker, Manuel J. Tessier. |
| 260 |
_aNew York : _bElsevier, _cc1987. |
||
| 300 |
_axiii, 324 p. : _bill. ; _c24 cm. |
||
| 500 | _ahttp://www.amazon.com/Handbook-Electromagnetic-Technology-Richard-Baker/dp/0444012745/ref=sr_1_1?s=books&ie=UTF8&qid=1413206656&sr=1-1&keywords=0444012745 | ||
| 504 | _aIncludes bibliographies. | ||
| 650 | 0 |
_aElectromagnetic pumps _xEL _xHandbooks, manuals, etc. |
|
| 700 | 1 | _aTessier, Manuel J. | |
| 906 |
_a7 _bcbc _corignew _d1 _eocip _f19 _gy-gencatlg |
||
| 942 |
_2ddc _cBK |
||
| 999 |
_c60998 _d60998 |
||